| 000 | 00415nss a2200181 a 4500 | ||
|---|---|---|---|
| 003 | AR-X00000XY | ||
| 005 | 20251128212007.0 | ||
| 008 | 077020s1970 ||||||||||||||000 | esp|| | ||
| 040 | _cAR-X00000XY | ||
| 245 | 1 | 0 | _aMundus artium |
| 260 |
_aOhio _c1970 |
||
| 300 | 0 |
_a152 p. _bil. |
|
| 655 | _aLITERATURA | ||
| 700 | 1 |
_aSchulte, Rainer _eeditor |
|
| 710 | 1 | _aOhio University | |
| 942 | _cCR | ||
| 998 | _cmartin | ||
| 999 |
_c21967 _d21967 |
||